Statistics for England, Wales, Scotland or Northern Ireland?

Click here to take the quiz!

General Stats

  • This quiz has been taken 407 times
  • The average score is 11 of 20

Answer Stats

QuestionAnswer% Correct
...has the most tea drinkers?England
91%
...has Saint Andrew as a patron saint?Scotland
79%
...is the most mountainous?Scotland
78%
...has Newport as its third-largest city?Wales
75%
...has the highest population density?England
73%
...does not contain any territory that was conquered by the Roman Empire?Northern Ireland
73%
...has the lowest population?Northern Ireland
73%
...has never been the origin of a UK Prime Minister (in terms of self-identity)?Northern Ireland
73%
...features two unicorns on its Royal Arms?Scotland
73%
...is known as 'the Land of Song'?Wales
59%
...is the least guessed on Jetpunk?Northern Ireland
57%
...has an official language?Wales
57%
...has a French-language national motto?England
48%
...has the lowest life expectancy?Scotland
43%
...was unified in 927 AD?England
41%
...has the lowest percentage of Catholics?Wales
37%
...had a colony in modern-day Panama?Scotland
32%
...has made the fewest appearances at the FIFA World Cup?Wales
25%
...has the highest percentage of people who identify exclusively as British?Northern Ireland
23%
...is home to a Celtic language that went extinct in the 1700s but has since been revived?England
11%

Score Distribution

Percentile by Number Answered

Percent of People with Each Score

Your Score History

You have not taken this quiz